| 000 | 00686cam a2200241 a 4500 | ||
|---|---|---|---|
| 001 | 2540293 | ||
| 005 | 20180308075933.0 | ||
| 008 | 940202s1995 nyu d 000 0 eng | ||
| 010 | _a 94006211 | ||
| 020 | _a0139550305 | ||
| 020 | _a0139550976 (pbk.) | ||
| 040 |
_aDLC _cDLC _dDLC |
||
| 041 | _aeng | ||
| 043 | _ae------ | ||
| 080 | _a940.03 DRO | ||
| 082 | 0 | 0 |
_a940.03 DRO _220 |
| 100 | 1 | _a16 | |
| 101 | _aHIS | ||
| 245 | 1 | 0 |
_aWhat's what and who's who in Europe / _cHarry Drost. |
| 906 |
_a7 _bcbc _corignew _d1 _eocip _f19 _gy-gencatlg |
||
| 942 |
_2ddc _cBK |
||
| 999 |
_c44482 _d44482 |
||